1242 1325 1572 1911 1205 1963 1026 1906 1976 1871 1126 1762 1916 1362 1498 1828 1308 1606 1387 1849 1236 1065 1631 1099 1763 1509 1182 1789 1379 1543 1905 1618 1524 1094 1741 1505 1755 1240 1542 1992 1309 1194 1771 1591 1133 1027 1505 1251 1869 1942 1289 1587 1016 1429 1166 1863 1922 1968 1039 1842 1692 1210 1514 1226 1808 1992 1614 1140 1404 1189 1991 1045 1109 1603 1571 1320 1314 1460 1993 1210 1855 1897 1780 1100 1606 1755 1342 1507 1814 1599 1556 1648 1450 1697 1796 1242 1108 1120 1175 BCNSPRNW ULIB Ver.6.0+V

เปลี่ยนเป็นภาษาไทย

Change to English
 แสดงรายละเอียดบรรณานุกรม
  กลับหน้าหลัก

Brief Record : Get Marc (ISO 2709) : E-mail record : QR code < ปิดหน้าต่าง
LEADER : 00000nam 2200000uu 4500
001    13399126198
003     ULIB
008    180716s2015||||th 000 0 tha d
020    ^a9781107645622
050 00 ^aPE1128^bC172^cV.9
245 10 ^aCambridge practice tests for IELTS 9
260    ^aCambridge :^bCambridge University Press,^c2015
300    ^a176 p.:^bill. ;^c25 cm.
650 00 ^aInternational English Language Testing System.
650 00 ^aEnglish language^xExaminations, questions, etc.
650 00 ^aEnglish language^xTextbooks for foreign speakers
945    ^p0^l0^i26416
999    ^aกัณชพร จุลอักษร
รายการนี้ยังไม่มีแท็ก
คุณยังไม่ได้ล็อกอิน คุณสามารถมีกิจกรรมร่วมกับเว็บไซต์ได้ แต่ต้องล็อกอินก่อน ::
  ล็อกอิน

รายการสื่อสารสนเทศ

ลำดับที่ ประเภท เลขเรียก/บาร์โค้ด สถานที่ สถานะ
1. วิทยาศาสตร์การแพทย์ และสุขภาพ
วิทยาศาสตร์การแพทย์ และสุขภาพ
PE1128 C172 V.9 ฉ.1 
  Barcode: 26416
ห้องสมุดวิทยาเขตนครสวรรค์
►หนังสือทั่วไป:l:General Books
บนชั้น

รายการใกล้เคียง
    ชื่อเรื่อง [Cambridge practice tests for IELTS 9]

    หัวเรื่อง [International English Language Testing System.]

BibComment


ยังไม่เคยถูกคอมเมนท์

คอมเมนท์ทรัพยากรรายการนี้
  คอมเมนท์: Cambridge practi..


 Copyright 2026. Bcnsprnw @Library